|
|
|
|
| LEADER |
01811nam a2200493 a 4500 |
| 001 |
nkc20112236476 |
| 003 |
CZ PrNK |
| 005 |
20111130134929.0 |
| 007 |
ta |
| 008 |
111018s2011 xr a e p 000 0 cze |
| 015 |
|
|
|a cnb002236476
|
| 020 |
|
|
|a 978-80-244-2833-8
|q (brož.) :
|c neprodejné
|
| 035 |
|
|
|a (OCoLC)761170486
|
| 040 |
|
|
|a ABA001
|b cze
|
| 072 |
|
7 |
|a 004.4/.6
|x Programování. Software
|2 Konspekt
|9 23
|
| 072 |
|
7 |
|a 37.016
|x Učební osnovy. Vyučovací předměty. Učebnice
|2 Konspekt
|9 22
|
| 080 |
|
|
|a 004.738.12
|2 MRF
|
| 080 |
|
|
|a 004.738.12:004.41
|2 MRF
|
| 080 |
|
|
|a (075.8)
|2 MRF
|
| 080 |
|
|
|a (076.5)
|2 MRF
|
| 100 |
1 |
|
|a Kubrický, Jan
|7 xx0142245
|4 aut
|
| 245 |
1 |
0 |
|a Tvorba a správa www stránek :
|b (cvičení) /
|c Jan Kubrický
|
| 250 |
|
|
|a 1. vyd.
|
| 260 |
|
|
|a Olomouc :
|b Univerzita Palackého v Olomouci,
|c 2011
|
| 300 |
|
|
|a 80 s. :
|b il. ;
|c 29 cm
|
| 490 |
1 |
|
|a Studijní opora
|
| 500 |
|
|
|a Nad názvem: Univerzita Palackého v Olomouci, Pedagogická fakulta
|
| 504 |
|
|
|a Obsahuje bibliografie
|
| 521 |
8 |
|
|a Určeno pro projekt CZ.1.07/2.2.00/07.0002
|
| 650 |
0 |
7 |
|a webové stránky
|7 ph117163
|2 czenas
|
| 650 |
0 |
7 |
|a webové technologie
|7 ph307638
|2 czenas
|
| 650 |
0 |
9 |
|a web pages
|2 eczenas
|
| 650 |
0 |
9 |
|a web technology
|2 eczenas
|
| 655 |
|
7 |
|a učebnice vysokých škol
|7 fd133772
|2 czenas
|
| 655 |
|
7 |
|a praktická cvičení
|7 fd133118
|2 czenas
|
| 655 |
|
9 |
|a textbooks (higher)
|2 eczenas
|
| 655 |
|
9 |
|a problems, exercises, etc
|2 eczenas
|
| 710 |
2 |
|
|a Univerzita Palackého.
|b Pedagogická fakulta
|7 kn20010709375
|
| 810 |
2 |
|
|a Univerzita Palackého.
|t Studijní opory
|0 s
|
| 910 |
2 |
|
|a BOA001
|b 4-1273.544
|
| 990 |
|
|
|a BK
|
| 995 |
|
|
|a 01
|
| 991 |
|
|
|b 201111
|c NOV
|e n
|
| 996 |
6 |
|
|b 2610491616
|c 4-1273.544
|l MZK
|r Sklad / do 1 hodiny
|n 0
|p p.v.
|w 001209512
|u 000010
|a 1
|e BOA001
|j MZK50
|s P
|